[Event "DEM U14w 2016"]
[Site "Willingen GER"]
[Date "2016.05.17"]
[Round "4"]
[White "Truong, Lisa"]
[Black "Mundt, Alexandra"]
[Result "1-0"]
[Termination "normal"]
[Board "13"]
[WhiteElo "1655"]
[BlackElo "1259"]
[PlyCount "81"]
[WhiteFideId "12983462"]
[BlackFideId "16217276"]
[EventCountry "GER"]
[EventRounds "9"]
[EventType "swiss"]
[EventDate "2016.05.14"]

1. d4 d5 2. c4 e6 3. Nc3 Nf6 4. cxd5 exd5 5. Bg5 Be7 6. e3 Nc6 7. Bd3 Be6 8. a3
Qd7 9. Qc2 h6 10. Bxf6 Bxf6 11. Nf3 Bg4 12. Nd2 O-O 13. O-O Rac8 14. h3 Be6 15.
b4 Ne7 16. Nb3 b6 17. Ba6 Rcd8 18. Rfc1 Bf5 19. Bd3 Bxd3 20. Qxd3 c6 21. Ra2
Ng6 22. a4 Be7 23. b5 c5 24. Qd1 cxd4 25. Nxd4 Bf6 26. Nc6 Rc8 27. Nxd5 Qe6 28.
Rd2 Qf5 29. Qc2 Qg5 30. Nxf6+ Qxf6 31. Rcd1 Nh4 32. Rd6 Qg5 33. Qe4 Rc7 34. Qg4
Qxg4 35. hxg4 Ra8 36. Rd7 Rxd7 37. Rxd7 a6 38. Ra7 Rxa7 39. Nxa7 axb5 40. axb5
Ng6 41. Nc8 1-0

[Event "DEM U14w 2016"]
[Site "Willingen GER"]
[Date "2016.05.17"]
[Round "4"]
[White "Albert, Eske"]
[Black "Bünte, Kirsten"]
[Result "1-0"]
[Termination "normal"]
[Board "14"]
[WhiteElo "1166"]
[BlackElo "1453"]
[PlyCount "79"]
[WhiteFideId "12991813"]
[BlackFideId "16200535"]
[EventCountry "GER"]
[EventRounds "9"]
[EventType "swiss"]
[EventDate "2016.05.14"]

1. e4 e5 2. Nf3 Nc6 3. Bb5 d6 4. O-O Nf6 5. d3 Bd7 6. Bg5 Be7 7. Nc3 O-O 8. Re1
Bg4 9. Bxc6 bxc6 10. h3 Bh5 11. Qe2 Nd7 12. Bxe7 Qxe7 13. Qe3 Nb6 14. b3 Rfe8
15. Ne2 d5 16. c3 f6 17. Rad1 Nd7 18. d4 exd4 19. cxd4 Qxe4 20. Qxe4 Rxe4 21.
g4 Be8 22. Nd2 Re6 23. Rc1 Nb6 24. f3 Bd7 25. Kf2 Kf7 26. h4 Rae8 27. Nf1 g5
28. h5 Rd6 29. Nfg3 Bc8 30. a4 Be6 31. Nc3 Nd7 32. Nd1 Rb8 33. Rc3 Rb6 34. Ne3
Nf8 35. Nef5 Bxf5 36. Nxf5 Re6 37. Rce3 Rxe3 38. Rxe3 Ne6 39. Kg3 Rb8 40. Kh2
1-0

[Event "DEM U14w 2016"]
[Site "Willingen GER"]
[Date "2016.05.17"]
[Round "4"]
[White "Mirschel, Alina"]
[Black "Huppert, Anna"]
[Result "0-1"]
[Termination "normal"]
[Board "15"]
[WhiteElo "1008"]
[BlackElo "1029"]
[PlyCount "86"]
[WhiteFideId "12997048"]
[BlackFideId "16214439"]
[EventCountry "GER"]
[EventRounds "9"]
[EventType "swiss"]
[EventDate "2016.05.14"]

1. e4 e6 2. d4 d5 3. Nd2 Nf6 4. e5 Nfd7 5. Bd3 c5 6. c3 Nc6 7. Ngf3 cxd4 8.
cxd4 f6 9. Qe2 Qc7 10. exf6 Nxf6 11. Ne5 Nxd4 12. Qe3 Bc5 13. Qg3 O-O 14. O-O
Ne4 15. Nxe4 dxe4 16. Bc4 b5 17. Ng6 Qxg3 18. hxg3 Rf6 19. Nf4 bxc4 20. Bd2 Bb7
21. b4 cxb3 22. Bc3 e5 23. Bxd4 Bxd4 24. Nh5 Rxf2 25. Rxf2 e3 26. Re2 Bxa1 27.
Re1 Bc3 28. Rc1 bxa2 29. Kf1 Bb2 30. Re1 Ba6+ 31. Kg1 Rc8 32. g4 Rc1 33. Rxc1
Bxc1 34. Ng3 a1=Q 35. Kh2 e2 36. Nxe2 Bxe2 37. Kg3 Qa2 38. Kh3 Qe6 39. g3 Qxg4+
40. Kh2 Bf4 41. gxf4 exf4 42. Kh1 f3 43. Kh2 Qg2# 0-1

[Event "DEM U14w 2016"]
[Site "Willingen GER"]
[Date "2016.05.17"]
[Round "5"]
[White "Wastian, Mareike"]
[Black "Schneider, Jana"]
[Result "0-1"]
[Termination "normal"]
[Board "1"]
[WhiteElo "1612"]
[BlackElo "2117"]
[WhiteClock "00:10:01"]
[BlackClock "00:07:53"]
[PlyCount "78"]
[WhiteFideId "12947423"]
[BlackFideId "12924997"]
[EventCountry "GER"]
[EventRounds "9"]
[EventType "swiss"]
[EventDate "2016.05.14"]

1. e4 e5 2. Nf3 Nc6 3. Bb5 a6 4. Bxc6 dxc6 5. Nc3 Qd6 6. d4 exd4 7. Qxd4 Qxd4
8. Nxd4 Bd7 9. f3 O-O-O 10. Kf2 g6 11. Be3 Bg7 12. Rad1 Ne7 13. Nde2 a5 14. Bd4
f6 15. g4 b6 16. g5 Ng8 17. h4 c5 18. gxf6 Nxf6 19. Be5 Rde8 20. Bg3 Rhf8 21.
Nf4 Bc6 22. Rhe1 Bh6 23. Nfd5 Bxd5 24. exd5 Ng4+ 25. Kg1 Ne3 26. Rd2 Rxf3 27.
Bf2 Ref8 28. Rde2 Ng4 29. Ne4 Bg7 30. c3 Ne5 31. Ng5 R3f5 32. Ne6 Nf3+ 33. Kf1
R8f7 34. Nxg7 Rxg7 35. Re8+ Kd7 36. R1e2 Nxh4 37. Kg1 Nf3+ 38. Kg2 g5 39. Bg3
h5 0-1

[Event "DEM U14w 2016"]
[Site "Willingen GER"]
[Date "2016.05.17"]
[Round "5"]
[White "Mönster, Madita"]
[Black "Bui, Ngoc Han Julia"]
[Result "1-0"]
[Termination "normal"]
[Board "2"]
[WhiteElo "1738"]
[BlackElo "1735"]
[WhiteClock "00:11:36"]
[BlackClock "00:06:24"]
[PlyCount "77"]
[WhiteFideId "12947156"]
[BlackFideId "12977055"]
[EventCountry "GER"]
[EventRounds "9"]
[EventType "swiss"]
[EventDate "2016.05.14"]

1. e4 e6 2. d4 d5 3. Nc3 Nf6 4. e5 Nfd7 5. f4 c5 6. Nf3 Nc6 7. Be3 Be7 8. Be2
O-O 9. O-O f6 10. exf6 Nxf6 11. Ne5 Qa5 12. Kh1 Bd7 13. Nxd7 Nxd7 14. Bg4 Rf6
15. Nxd5 exd5 16. Bxd7 cxd4 17. Bxd4 Nxd4 18. Qxd4 Rd6 19. Qe5 Qd8 20. Be6+ Kh8
21. Qe2 Bf6 22. c3 d4 23. cxd4 Bxd4 24. f5 Qf6 25. Rad1 Rad8 26. b3 Qe5 27. Qf3
Rc6 28. Rfe1 Qf6 29. Bd5 Rcd6 30. Bxb7 g6 31. Be4 gxf5 32. Bxf5 Rf8 33. g4 h5
34. h3 hxg4 35. hxg4 Qh4+ 36. Kg2 Rc6 37. Rh1 Rc2+ 38. Bxc2 Kg7 39. Qxf8+ 1-0

[Event "DEM U14w 2016"]
[Site "Willingen GER"]
[Date "2016.05.17"]
[Round "5"]
[White "Rosenhain, Rachela"]
[Black "Schulze, Lara"]
[Result "0-1"]
[Termination "normal"]
[Board "3"]
[WhiteElo "1877"]
[BlackElo "2041"]
[WhiteClock "00:32:56"]
[BlackClock "00:01:03"]
[PlyCount "68"]
[WhiteFideId "12957615"]
[BlackFideId "12956830"]
[EventCountry "GER"]
[EventRounds "9"]
[EventType "swiss"]
[EventDate "2016.05.14"]

1. d4 Nf6 2. c4 e6 3. Nc3 Bb4 4. Qc2 b6 5. a3 Bxc3+ 6. Qxc3 Bb7 7. Nf3 d6 8. e3
Ne4 9. Qc2 f5 10. Be2 O-O 11. O-O Nd7 12. b4 Qe7 13. Bb2 c5 14. dxc5 bxc5 15.
b5 a6 16. a4 d5 17. Qb3 a5 18. Rfd1 Nd6 19. cxd5 exd5 20. Ba3 f4 21. Rd3 Nc4
22. Bc1 Rae8 23. Ra2 Nxe3 24. Qc3 Nc4 25. Rd1 Ndb6 26. Re1 Qf6 27. Qb3 Re7 28.
Ba3 Rc8 29. Nd2 Nxa3 30. Qxa3 Nd7 31. Rc2 Qb6 32. Nb3 f3 33. Nc1 Qg6 34. Qxf3
Qxc2 0-1

[Event "DEM U14w 2016"]
[Site "Willingen GER"]
[Date "2016.05.17"]
[Round "5"]
[White "Mütsch, Annmarie"]
[Black "Garbuz, Nicole"]
[Result "1-0"]
[Termination "normal"]
[Board "4"]
[WhiteElo "1984"]
[BlackElo "1618"]
[WhiteClock "00:50:59"]
[BlackClock "01:09:56"]
[PlyCount "39"]
[WhiteFideId "12971367"]
[BlackFideId "12990701"]
[EventCountry "GER"]
[EventRounds "9"]
[EventType "swiss"]
[EventDate "2016.05.14"]

1. e4 e5 2. Nf3 Nc6 3. Bc4 Nf6 4. Ng5 Bc5 5. Bxf7+ Ke7 6. Bb3 Rf8 7. d3 d6 8.
Nf3 Bg4 9. O-O Qe8 10. h3 Bxf3 11. Qxf3 Qg6 12. Qf5 Qxf5 13. exf5 Nd4 14. g4 g6
15. Bh6 Rfe8 16. g5 Nf3+ 17. Kh1 Nxg5 18. Bxg5 gxf5 19. Nc3 c6 20. f4 1-0

[Event "DEM U14w 2016"]
[Site "Willingen GER"]
[Date "2016.05.17"]
[Round "5"]
[White "Kublanov, Elizabeth"]
[Black "Abele, Anais"]
[Result "1/2-1/2"]
[Termination "normal"]
[Board "6"]
[WhiteElo "1462"]
[BlackElo "1560"]
[WhiteClock "00:20:06"]
[BlackClock "00:18:43"]
[PlyCount "50"]
[WhiteFideId "12944564"]
[BlackFideId "16208927"]
[EventCountry "GER"]
[EventRounds "9"]
[EventType "swiss"]
[EventDate "2016.05.14"]

1. e4 c5 2. Nf3 d6 3. Bc4 e6 4. Nc3 Nf6 5. O-O Be7 6. d3 O-O 7. Qe2 Nc6 8. Bd2
d5 9. Bb3 d4 10. Nd1 e5 11. Ba4 Bd6 12. Ne1 Qc7 13. Bg5 Nd7 14. Qf3 h6 15. Bd2
Nf6 16. Qg3 Nh5 17. Qh4 Nf4 18. f3 Ng6 19. Qg3 Kh8 20. Nf2 Qd8 21. Bb3 Qh4 22.
Qxh4 Nxh4 23. Ng4 Ng6 24. c3 Bd7 25. Nc2 a6 1/2-1/2

[Event "DEM U14w 2016"]
[Site "Willingen GER"]
[Date "2016.05.17"]
[Round "5"]
[White "Geletzke, Hannah"]
[Black "Wong, Kar Yan"]
[Result "0-1"]
[Termination "normal"]
[Board "7"]
[WhiteElo "1503"]
[BlackElo "1515"]
[PlyCount "104"]
[WhiteFideId "12983330"]
[BlackFideId "12971855"]
[EventCountry "GER"]
[EventRounds "9"]
[EventType "swiss"]
[EventDate "2016.05.14"]

1. e4 c5 2. Nf3 d6 3. c3 Nf6 4. Bd3 Nc6 5. h3 e6 6. Bc2 d5 7. e5 Nd7 8. d4 Qb6
9. O-O cxd4 10. cxd4 Be7 11. Nc3 O-O 12. Qd3 g6 13. a3 f6 14. exf6 Bxf6 15. Na4
Qc7 16. h4 Nxd4 17. Nxd4 Bxd4 18. Qxd4 Qxc2 19. Bh6 Rf7 20. Rac1 Qf5 21. Rc3
Ne5 22. Rg3 Nc6 23. Qc3 Qe4 24. h5 Ne7 25. Nc5 Qc4 26. Qxc4 dxc4 27. Rd1 Nc6
28. b4 cxb3 29. Rgd3 Rf5 30. Nxb3 Rxh5 31. Be3 e5 32. f3 Rf5 33. Rc3 Rf8 34.
Bh6 Rd8 35. Rxd8+ Nxd8 36. Re3 Nf7 37. Nc5 b5 38. Nd3 Nxh6 39. Rxe5 Ba6 40. Nb4
Bb7 41. Re7 Rb8 42. Kf2 Nf5 43. Rd7 Ng7 44. Ke3 Ne6 45. Re7 Nc5 46. Kf4 Rf8+
47. Kg5 Rf5+ 48. Kg4 Rf7 49. Re5 Kg7 50. Kg5 Bc8 51. Nc6 a6 52. Ne7 Ne6+ 0-1

[Event "DEM U14w 2016"]
[Site "Willingen GER"]
[Date "2016.05.17"]
[Round "5"]
[White "Reitz, Theresa"]
[Black "Truong, Lisa"]
[Result "1-0"]
[Termination "normal"]
[Board "8"]
[WhiteElo "1629"]
[BlackElo "1655"]
[PlyCount "84"]
[WhiteFideId "12971901"]
[BlackFideId "12983462"]
[EventCountry "GER"]
[EventRounds "9"]
[EventType "swiss"]
[EventDate "2016.05.14"]

1. e4 d5 2. exd5 Qxd5 3. Nc3 Qd6 4. d4 Nf6 5. Nf3 c6 6. g3 Bg4 7. Bg2 e6 8. O-O
Qc7 9. h3 Bxf3 10. Qxf3 Bd6 11. Nb5 Qd7 12. c3 O-O 13. Nxd6 Qxd6 14. Bf4 Qd8
15. g4 Nbd7 16. Rad1 Nb6 17. b3 Nfd5 18. Bh2 Qf6 19. Qg3 Rad8 20. f4 Qe7 21.
Be4 Nf6 22. Bb1 c5 23. Qh4 g6 24. f5 Nc8 25. Be5 Ne8 26. Qh6 f6 27. fxg6 hxg6
28. Qxg6+ Qg7 29. Qxg7+ Kxg7 30. Bg3 cxd4 31. cxd4 Nb6 32. Rde1 Rxd4 33. Rxe6
Nd7 34. Rfe1 Ne5 35. Bxe5 fxe5 36. R1xe5 Rd1+ 37. Re1 Rxe1+ 38. Rxe1 Nd6 39.
Re6 Rf6 40. Re3 a6 41. Kg2 b5 42. Bd3 Kf7 1-0

[Event "DEM U14w 2016"]
[Site "Willingen GER"]
[Date "2016.05.17"]
[Round "5"]
[White "Albert, Eske"]
[Black "Ehmann, Johanna"]
[Result "0-1"]
[Termination "normal"]
[Board "9"]
[WhiteElo "1166"]
[BlackElo "1727"]
[PlyCount "84"]
[WhiteFideId "12991813"]
[BlackFideId "12953130"]
[EventCountry "GER"]
[EventRounds "9"]
[EventType "swiss"]
[EventDate "2016.05.14"]

1. e4 e5 2. Nf3 Nc6 3. Bb5 a6 4. Bxc6 dxc6 5. O-O Bg4 6. h3 Bh5 7. d3 Nf6 8.
Bg5 Qd6 9. Nc3 Be7 10. Re1 Nd7 11. Bxe7 Qxe7 12. Re3 O-O 13. d4 exd4 14. Qxd4
Rad8 15. Qd2 Bxf3 16. gxf3 Ne5 17. Qe2 Qh4 18. Kh2 Rd6 19. Rg1 Rfd8 20. Qf1 Rd2
21. Rg2 R8d6 22. Ne2 Rd1 23. Qxd1 Rxd1 24. f4 Nc4 25. Reg3 g6 26. Rg4 Qe7 27.
b3 Nd2 28. e5 Nf1+ 29. Kg1 Ne3+ 30. Kh2 Nxg4+ 31. Kg3 Nxe5 32. f3 Rd2 33. fxe5
Qxe5+ 34. f4 Qe3+ 35. Kg4 Rxe2 36. Rxe2 Qxe2+ 37. Kg3 Kg7 38. c4 Kf6 39. a4 h5
40. b4 h4+ 41. Kxh4 Qf3 42. c5 Qxf4# 0-1

[Event "DEM U14w 2016"]
[Site "Willingen GER"]
[Date "2016.05.17"]
[Round "5"]
[White "Weimert, Miriam"]
[Black "Kukulina, Sonja"]
[Result "1-0"]
[Termination "normal"]
[Board "10"]
[WhiteElo "1761"]
[BlackElo "1579"]
[PlyCount "27"]
[WhiteFideId "12966703"]
[BlackFideId "12977047"]
[EventCountry "GER"]
[EventRounds "9"]
[EventType "swiss"]
[EventDate "2016.05.14"]

1. e4 e5 2. Nf3 Nc6 3. Bc4 Bc5 4. O-O Nf6 5. d4 exd4 6. e5 d5 7. exf6 dxc4 8.
fxg7 Rg8 9. Bg5 Qd6 10. Nbd2 Qg6 11. Ne4 Be7 12. Bxe7 Nxe7 13. Qxd4 Rxg7 14.
Nf6+ 1-0

[Event "DEM U14w 2016"]
[Site "Willingen GER"]
[Date "2016.05.17"]
[Round "5"]
[White "Könze, Heike"]
[Black "Du, Jessica"]
[Result "1-0"]
[Termination "normal"]
[Board "11"]
[WhiteElo "1728"]
[BlackElo "1520"]
[PlyCount "101"]
[WhiteFideId "12964476"]
[BlackFideId "12988529"]
[EventCountry "GER"]
[EventRounds "9"]
[EventType "swiss"]
[EventDate "2016.05.14"]

1. e4 e5 2. Nf3 Nf6 3. d4 Nxe4 4. Bd3 d5 5. Nxe5 Be7 6. O-O O-O 7. c4 c6 8. Nc3
Nxc3 9. bxc3 Nd7 10. Nxd7 Bxd7 11. cxd5 cxd5 12. Qh5 g6 13. Qxd5 Bc6 14. Qxd8
Rfxd8 15. Bf4 Rac8 16. Rab1 Bd5 17. Bd2 Rc7 18. a4 Rdd7 19. f3 Kg7 20. a5 h6
21. Rfe1 Bc4 22. Bxc4 Rxc4 23. Re5 Bf6 24. Reb5 b6 25. axb6 axb6 26. Rxb6 Rcxd4
27. cxd4 Bxd4+ 28. Kf1 Bxb6 29. Bc3+ Bd4 30. Rd1 Bxc3 31. Rxd7 Be5 32. h3 Bg3
33. Ke2 Bf4 34. Kd3 g5 35. Ke4 Kg6 36. Rb7 Bg3 37. Rb6+ f6 38. Re6 Bf4 39. g4
Bg3 40. Rc6 Bh2 41. Kd5 Be5 42. Re6 Bg3 43. Kc6 Be5 44. Kd7 Bd4 45. Ke7 Be5 46.
Ke8 Bd4 47. Kf8 Be5 48. Kg8 Bd4 49. Re7 f5 50. Re6+ Bf6 51. Rc6 1-0

[Event "DEM U14w 2016"]
[Site "Willingen GER"]
[Date "2016.05.17"]
[Round "5"]
[White "Flach, Helene"]
[Black "Eulitz, Charlotte"]
[Result "1/2-1/2"]
[Termination "normal"]
[Board "12"]
[WhiteElo "1822"]
[BlackElo "1513"]
[PlyCount "103"]
[WhiteFideId "12929735"]
[BlackFideId "12964654"]
[EventCountry "GER"]
[EventRounds "9"]
[EventType "swiss"]
[EventDate "2016.05.14"]

1. e4 e5 2. Nf3 Nc6 3. Bc4 Bc5 4. c3 Nf6 5. d3 h6 6. b4 Bb6 7. a4 a6 8. O-O O-O
9. Nbd2 Re8 10. Qb3 Qe7 11. h3 d6 12. Re1 Be6 13. Nf1 Ba7 14. Ng3 Qd7 15. Be3
Bxe3 16. fxe3 b5 17. Bxe6 Qxe6 18. Qxe6 fxe6 19. d4 exd4 20. exd4 e5 21. a5
exd4 22. Nxd4 Ne5 23. Rad1 h5 24. Re2 g6 25. Nf3 Re7 26. Rf2 Kg7 27. Rdf1 Rf8
28. Re2 Rfe8 29. h4 Nd3 30. Ng5 Ne5 31. Rd1 Nf7 32. Nxf7 Kxf7 33. Rde1 Re5 34.
Kf2 Ng4+ 35. Kf1 Kg7 36. Kg1 Nf6 37. Kf2 g5 38. Nf5+ Kg6 39. hxg5 Kxg5 40. Nd4
Rxe4 41. Rxe4 Rxe4 42. Rxe4 Nxe4+ 43. Kf3 c5 44. Kxe4 cxd4 45. cxd4 Kg4 46. Kd5
Kg3 47. Kxd6 Kxg2 48. Ke7 h4 49. d5 h3 50. d6 h2 51. d7 h1=Q 52. d8=Q 1/2-1/2

[Event "DEM U14w 2016"]
[Site "Willingen GER"]
[Date "2016.05.17"]
[Round "5"]
[White "Huppert, Anna"]
[Black "Müdder, Melanie"]
[Result "0-1"]
[Termination "normal"]
[Board "13"]
[WhiteElo "1029"]
[BlackElo "1527"]
[PlyCount "88"]
[WhiteFideId "16214439"]
[BlackFideId "12994103"]
[EventCountry "GER"]
[EventRounds "9"]
[EventType "swiss"]
[EventDate "2016.05.14"]

1. e4 c5 2. d4 cxd4 3. c3 dxc3 4. Nxc3 Nc6 5. Nf3 a6 6. Bc4 e6 7. Bf4 Nge7 8.
O-O Ng6 9. Qd2 Bc5 10. Rac1 Nxf4 11. Qxf4 O-O 12. Rfd1 b5 13. Bd3 Qb6 14. Ng5
h6 15. Nh3 Nd4 16. e5 Bb7 17. a3 Nb3 18. Rc2 Rad8 19. Ne4 Be7 20. Rc3 Nc5 21.
Nd6 Bxd6 22. exd6 Nxd3 23. Rdxd3 Rc8 24. Rg3 Rxc3 25. bxc3 Kh8 26. Ng5 f6 27.
Rh3 Qc6 28. f3 Qc5+ 29. Kf1 Qxg5 30. Qxg5 fxg5 31. Kf2 g4 32. Rh4 gxf3 33. c4
fxg2+ 34. Rf4 Rxf4+ 35. Kg3 g1=Q+ 36. Kxf4 Qxh2+ 37. Ke3 Qg3+ 38. Kd2 Qxa3 39.
Ke2 Qf3+ 40. Kd2 Be4 41. Ke1 Bd3 42. Kd2 b4 43. Kc1 Qe2 44. c5 Qc2# 0-1

[Event "DEM U14w 2016"]
[Site "Willingen GER"]
[Date "2016.05.18"]
[Round "6"]
[White "Mönster, Madita"]
[Black "Wong, Kar Yan"]
[Result "1-0"]
[Termination "normal"]
[Board "2"]
[WhiteElo "1738"]
[BlackElo "1515"]
[WhiteClock "01:06:08"]
[BlackClock "01:08:39"]
[PlyCount "33"]
[WhiteFideId "12947156"]
[BlackFideId "12971855"]
[EventCountry "GER"]
[EventRounds "9"]
[EventType "swiss"]
[EventDate "2016.05.14"]

1. e4 c5 2. Nf3 d6 3. d4 cxd4 4. Nxd4 Nf6 5. Nc3 a6 6. Be2 e6 7. O-O Qc7 8. f4
b5 9. Bf3 Bb7 10. e5 Nfd7 11. Kh1 d5 12. f5 Nc5 13. fxe6 Nxe6 14. Nxd5 Qd7 15.
Nxe6 fxe6 16. Bh5+ Kd8 17. Bg5+ 1-0

[Event "DEM U14w 2016"]
[Site "Willingen GER"]
[Date "2016.05.18"]
[Round "6"]
[White "Bui, Ngoc Han Julia"]
[Black "Mütsch, Annmarie"]
[Result "0-1"]
[Termination "normal"]
[Board "3"]
[WhiteElo "1735"]
[BlackElo "1984"]
[WhiteClock "00:13:12"]
[BlackClock "00:20:14"]
[PlyCount "42"]
[WhiteFideId "12977055"]
[BlackFideId "12971367"]
[EventCountry "GER"]
[EventRounds "9"]
[EventType "swiss"]
[EventDate "2016.05.14"]

1. e4 e5 2. Nf3 Nc6 3. Bb5 a6 4. Ba4 Nge7 5. Nc3 d6 6. d4 b5 7. Bb3 Nxd4 8.
Nxd4 exd4 9. Qf3 Be6 10. Ne2 Bxb3 11. axb3 c5 12. b4 Ng6 13. O-O Be7 14. Qg3
O-O 15. c3 dxc3 16. bxc3 cxb4 17. cxb4 Bf6 18. Ra2 Qe7 19. Rd1 Qxe4 20. Ba3
Rfe8 21. Rad2 Qc4 0-1

[Event "DEM U14w 2016"]
[Site "Willingen GER"]
[Date "2016.05.18"]
[Round "6"]
[White "Voß, Henrike"]
[Black "Reitz, Theresa"]
[Result "1-0"]
[Termination "normal"]
[Board "4"]
[WhiteElo "1461"]
[BlackElo "1629"]
[WhiteClock "00:13:49"]
[BlackClock "00:12:15"]
[PlyCount "67"]
[WhiteFideId "12971910"]
[BlackFideId "12971901"]
[EventCountry "GER"]
[EventRounds "9"]
[EventType "swiss"]
[EventDate "2016.05.14"]

1. e4 c5 2. Nf3 e6 3. g3 d5 4. exd5 exd5 5. d4 Nf6 6. Bg5 Be7 7. Bg2 h6 8. Be3
cxd4 9. Nxd4 Bg4 10. f3 Bd7 11. O-O O-O 12. c3 Re8 13. Re1 Bc5 14. Nd2 Nc6 15.
N2b3 Bb6 16. Qc2 Qc7 17. Bf2 Ne5 18. a4 a6 19. Re2 Nc4 20. Nc1 Nh7 21. Nd3 Rxe2
22. Qxe2 Re8 23. Qc2 Ne3 24. Qb3 Bxd4 25. cxd4 Qc2 26. Qxc2 Nxc2 27. Rc1 Ne3
28. Ne5 Nxg2 29. Nxd7 Ne3 30. Bxe3 Re7 31. Rc8+ Nf8 32. Rxf8+ Kh7 33. Ne5 f6
34. Rh8+ 1-0

[Event "DEM U14w 2016"]
[Site "Willingen GER"]
[Date "2016.05.18"]
[Round "6"]
[White "Ehmann, Johanna"]
[Black "Kublanov, Elizabeth"]
[Result "1-0"]
[Termination "normal"]
[Board "5"]
[WhiteElo "1727"]
[BlackElo "1462"]
[WhiteClock "00:45:36"]
[BlackClock "00:03:29"]
[PlyCount "107"]
[WhiteFideId "12953130"]
[BlackFideId "12944564"]
[EventCountry "GER"]
[EventRounds "9"]
[EventType "swiss"]
[EventDate "2016.05.14"]

1. e4 Nf6 2. e5 Nd5 3. Nf3 d6 4. d4 Bg4 5. Bc4 c6 6. h3 Bh5 7. O-O dxe5 8. dxe5
e6 9. Bb3 Nd7 10. Re1 Bc5 11. c4 Ne7 12. Nc3 O-O 13. Bf4 Ng6 14. Bg3 f5 15.
exf6 Rxf6 16. Ne4 Rf5 17. Nxc5 Bxf3 18. Qxd7 Qxd7 19. Nxd7 Bh5 20. Rxe6 Rd8 21.
c5 Kh8 22. Bd6 Nf4 23. Bxf4 Rxf4 24. Rae1 h6 25. Ne5 Rd2 26. Nf3 Bxf3 27. gxf3
Rxf3 28. R1e2 Rxe2 29. Rxe2 Rf8 30. Re7 Rb8 31. Bf7 Kh7 32. Re8 Rxe8 33. Bxe8
Kg8 34. Bd7 Kf8 35. Bc8 b6 36. b4 Ke8 37. cxb6 axb6 38. a4 Kd8 39. Bf5 Ke7 40.
a5 bxa5 41. bxa5 Kd8 42. a6 Kc7 43. Bd3 Kb6 44. Kg2 g6 45. Kg3 Ka7 46. Bxg6
Kxa6 47. f4 Kb6 48. Kh4 Kc7 49. Kh5 Kd7 50. Kxh6 Ke7 51. Kg7 c5 52. f5 c4 53.
f6+ Kd7 54. f7 1-0

[Event "DEM U14w 2016"]
[Site "Willingen GER"]
[Date "2016.05.18"]
[Round "6"]
[White "Kobald, Jacqueline"]
[Black "Wastian, Mareike"]
[Result "1-0"]
[Termination "normal"]
[Board "6"]
[WhiteElo "1559"]
[BlackElo "1612"]
[WhiteClock "00:25:58"]
[BlackClock "00:36:53"]
[PlyCount "47"]
[WhiteFideId "12988162"]
[BlackFideId "12947423"]
[EventCountry "GER"]
[EventRounds "9"]
[EventType "swiss"]
[EventDate "2016.05.14"]

1. e4 d5 2. exd5 Nf6 3. Bb5+ Bd7 4. Be2 Nxd5 5. d4 Bf5 6. Nf3 e6 7. O-O Be7 8.
a3 Nc6 9. c4 Nf6 10. Nc3 O-O 11. h3 Nd7 12. Be3 Bf6 13. b4 a6 14. Qb3 Nb6 15.
Rfd1 h6 16. Rac1 Qe7 17. Bd3 Bxd3 18. Rxd3 Rfd8 19. Rcd1 Rd7 20. Ne4 Rb8 21.
Bc1 Qd8 22. Bb2 Be7 23. Ne5 Nxd4 24. Bxd4 1-0

[Event "DEM U14w 2016"]
[Site "Willingen GER"]
[Date "2016.05.18"]
[Round "6"]
[White "Abele, Anais"]
[Black "Weimert, Miriam"]
[Result "0-1"]
[Termination "normal"]
[Board "7"]
[WhiteElo "1560"]
[BlackElo "1761"]
[PlyCount "86"]
[WhiteFideId "16208927"]
[BlackFideId "12966703"]
[EventCountry "GER"]
[EventRounds "9"]
[EventType "swiss"]
[EventDate "2016.05.14"]

1. e4 c5 2. Nf3 e6 3. d4 cxd4 4. Nxd4 a6 5. Bd3 Qc7 6. Qe2 Bc5 7. Nb3 Be7 8. c4
Nc6 9. O-O Nb4 10. Nc3 Nxd3 11. Qxd3 Nf6 12. h3 O-O 13. Be3 b6 14. a4 Rb8 15.
Rac1 Bb7 16. Rfd1 Rfc8 17. Nd2 Bb4 18. Bd4 e5 19. Be3 Bxc3 20. Rxc3 Qc6 21. b3
Rd8 22. f3 Nh5 23. Nf1 Qf6 24. Qd2 Nf4 25. Bxf4 exf4 26. Rd3 Bc6 27. Nh2 h5 28.
Qc3 Qg5 29. Qd2 Re8 30. Nf1 Re6 31. Rd6 Rbe8 32. Qd4 Rxd6 33. Qxd6 Re6 34. Qb8+
Kh7 35. Qxb6 Bxe4 36. Qd4 Bxf3 37. Qd3+ Be4 38. Qd2 Rd6 39. Qe2 Rxd1 40. Qxe4+
g6 41. Qe2 Rb1 42. Qe8 Kg7 43. Qxd7 Qc5+ 0-1

[Event "DEM U14w 2016"]
[Site "Willingen GER"]
[Date "2016.05.18"]
[Round "6"]
[White "Könze, Heike"]
[Black "Rosenhain, Rachela"]
[Result "1-0"]
[Termination "normal"]
[Board "8"]
[WhiteElo "1728"]
[BlackElo "1877"]
[PlyCount "71"]
[WhiteFideId "12964476"]
[BlackFideId "12957615"]
[EventCountry "GER"]
[EventRounds "9"]
[EventType "swiss"]
[EventDate "2016.05.14"]

1. e4 e5 2. Nf3 Nc6 3. d4 exd4 4. Nxd4 Nf6 5. Nxc6 bxc6 6. e5 Nd5 7. c4 Nb6 8.
Bd3 d5 9. exd6 cxd6 10. O-O Be7 11. Nc3 Be6 12. b3 Bf6 13. Bb2 O-O 14. Qc2 h6
15. Rad1 Rc8 16. c5 Nd5 17. cxd6 Be5 18. Ne4 Nb4 19. Qb1 Bxb2 20. Qxb2 Nxd3 21.
Rxd3 Bd5 22. Ng3 f5 23. Nh5 Rf7 24. Rg3 Qf8 25. Re1 g5 26. h4 g4 27. d7 Rd8 28.
Re8 Rxe8 29. dxe8=Q Qxe8 30. Nf6+ Rxf6 31. Qxf6 Qh5 32. Re3 Bf7 33. Re7 a5 34.
Ra7 f4 35. Ra8+ Be8 36. Qe7 1-0

[Event "DEM U14w 2016"]
[Site "Willingen GER"]
[Date "2016.05.18"]
[Round "6"]
[White "Garbuz, Nicole"]
[Black "Geletzke, Hannah"]
[Result "0-1"]
[Termination "normal"]
[Board "9"]
[WhiteElo "1618"]
[BlackElo "1503"]
[PlyCount "66"]
[WhiteFideId "12990701"]
[BlackFideId "12983330"]
[EventCountry "GER"]
[EventRounds "9"]
[EventType "swiss"]
[EventDate "2016.05.14"]

1. e4 c5 2. c3 Nf6 3. e5 Nd5 4. d4 cxd4 5. Nf3 e6 6. cxd4 b6 7. Bc4 Bb7 8. a3
Qc7 9. Qd3 b5 10. Bxd5 Qxc1+ 11. Qd1 Qxd1+ 12. Kxd1 Bxd5 13. Nc3 Bxf3+ 14. gxf3
a6 15. Rc1 Nc6 16. Ne2 Be7 17. Rg1 O-O 18. f4 Rab8 19. Rc2 b4 20. axb4 Rxb4 21.
Rd2 d5 22. Rg3 Rfb8 23. Rc3 Na5 24. Rc7 Bd8 25. Rd7 Nc4 26. Rc2 Nxb2+ 27. Kd2
Nc4+ 28. Kd1 R4b7 29. Rxb7 Rxb7 30. Ra2 a5 31. Kc1 Rb3 32. Ng3 Bb6 33. Nf1 Ra3
0-1